Risk assessment of VAT entities using selected data mining models
Overenie klasifikačnej schopnosti vybraných typov metód dolovania dát. Neurálne siete, rozhodovacie siete, náhodné lesy.
Saved in:
| Main Author: | |
|---|---|
| Format: | Book Chapter |
| Language: | English |
| Subjects: | |
| Tags: |
No Tags, Be the first to tag this record!
|
MARC
| LEADER | 00000naa a2200000 4500 | ||
|---|---|---|---|
| 001 | 0200360 | ||
| 005 | 20231204091722.4 | ||
| 041 | 0 | |a eng | |
| 044 | |a CZ | ||
| 245 | 1 | 0 | |a Risk assessment of VAT entities using selected data mining models |c Stanislav Cút |
| 520 | |a Overenie klasifikačnej schopnosti vybraných typov metód dolovania dát. Neurálne siete, rozhodovacie siete, náhodné lesy. | ||
| 610 | 2 | 0 | |a dolovanie dát |
| 610 | 2 | 0 | |a analýza dát |
| 610 | 2 | 0 | |a siete neurónové |
| 610 | 2 | 0 | |a analýza klasifikačná |
| 610 | 2 | 0 | |a dane z hodnoty pridanej |
| 610 | 2 | 0 | |a riziko |
| 100 | 1 | |a Cút, Stanislav | |